Alexander Trizuljak Plastika 1946 - 1961
| Format: | Book |
|---|---|
| Language: | Undetermined |
| Published: |
Bratislava
SFVU
1961
|
MARC
| LEADER | 00000nam a2200000 a 4500 | ||
|---|---|---|---|
| 001 | vtls001334870 | ||
| 003 | SK-MaSNL | ||
| 005 | 20260223215215.0 | ||
| 008 | 980619s1961 xx 0 und | ||
| 035 | |a SNK000287826 | ||
| 040 | |a SNK |b slo |c SNK |e AACR2 | ||
| 245 | 1 | |a Alexander Trizuljak |b Plastika 1946 - 1961 | |
| 260 | |a Bratislava |b SFVU |c 1961 | ||
| 999 | |c 718445 |d 720375 | ||
| 952 | |t P60, <04>, [BOOK], {604} |a SNK |b SNK |y VYP |7 0 |p 17A0143329 |o snkOSD 4185 D1 |0 0 |1 0 |4 0 |d 1998-06-19 |l 0 |r 2005-01-02 00:00:00 |w 2026-02-23 | ||


